| 000 | 07806nam a22007217a 4500 | ||
|---|---|---|---|
| 005 | 2009060401491.0 | ||
| 008 | 090604t xxu||||| |||| 00| 0 eng d | ||
| 010 | _aENG-93872 | ||
| 020 |
_a9788178001993 _c295.00 |
||
| 035 | _aEN-77405 | ||
| 035 | _aB-365525-560 | ||
| 037 | _bDBAD / PUB | ||
| 037 | _bPUB | ||
| 040 |
_adpl _bEnglish |
||
| 082 | _a621.3 | ||
| 100 | _aSubramanyam, P.S. | ||
| 245 |
_aBasic concepts of electrical engineering / _cby P.S. Subramanyam |
||
| 260 |
_aHyderabad _bBS Publications _c2008 |
||
| 270 |
_a4-4-3-9, Giriraj Lane, Sultan Bazar, _bHyderabad _e500095 |
||
| 300 |
_axxi, 624p. _c25cm(pbk) |
||
| 500 | _aIncludes references | ||
| 650 | _aElectrical engineering | ||
| 650 | _aElectronics. | ||
| 942 |
_2ddc _cEN _h621.3 _mPAD |
||
| 999 |
_c27215 _d27215 |
||